Umelá inteligencia v kontexte kritického a morálneho myslenia

Umelá inteligencia sa stáva čoraz viac súčasťou vzdelanostnej mysle. Kým donedávna bola pozornosť sústredená najmä na rozvoj kritického a morálneho myslenia v súvislosti s digitálnymi kompetenciami, dnes sa pozornosť nevyhnutne presúva k vzťahu človeka a umelej inteligencie. Na jednej strane uľahčuj...

Ausführliche Beschreibung

Gespeichert in:
Bibliographische Detailangaben
1. Verfasser: Kosturková, Martina
Format: Buchkapitel
Sprache:Slowakisch
Schlagworte:
Tags: Tag hinzufügen
Keine Tags, Fügen Sie das erste Tag hinzu!

MARC

LEADER 00000naa a2200000 4500
001 0315155
005 20260226110435.0
041 0 |a slo 
044 |a SK 
245 1 0 |a Umelá inteligencia v kontexte kritického a morálneho myslenia  |c Martina Kosturková 
520 |a Umelá inteligencia sa stáva čoraz viac súčasťou vzdelanostnej mysle. Kým donedávna bola pozornosť sústredená najmä na rozvoj kritického a morálneho myslenia v súvislosti s digitálnymi kompetenciami, dnes sa pozornosť nevyhnutne presúva k vzťahu človeka a umelej inteligencie. Na jednej strane uľahčuje prístup k informáciám a redukuje kognitívnu záťaž, na druhej strane môže oslabovať schopnosť samostatného usudzovania, rozhodovania a reflexie. Práve v tomto období sa naplno ukazuje význam kritického a morálneho myslenia ako kľúčovej kompetencie 21. storočia. Skúmanie, kedy a ako môže umelá inteligencia rozvíjať tieto formy myslenia - a kedy, naopak, predstavuje ich riziko. 
610 2 0 |a inteligencia umelá 
610 2 0 |a myslenie kritické 
610 2 0 |a gramotnosť digitálna 
610 2 0 |a vzdelávanie 
610 2 0 |a etika 
100 1 |a Kosturková, Martina